<?xml version="1.0" encoding="UTF-8"?>
<record
    xmlns:xsi="http://www.w3.org/2001/XMLSchema-instance"
    xsi:schemaLocation="http://www.loc.gov/MARC21/slim http://www.loc.gov/standards/marcxml/schema/MARC21slim.xsd"
    xmlns="http://www.loc.gov/MARC21/slim">

  <leader>00919nam a22002297a 4500</leader>
  <controlfield tag="005">20251126155520.0</controlfield>
  <datafield tag="010" ind1=" " ind2=" ">
    <subfield code="a">B-770230-241   ENG-147196                           BACEN25</subfield>
  </datafield>
  <datafield tag="020" ind1=" " ind2=" ">
    <subfield code="a">9789388583985</subfield>
    <subfield code="c">455.00</subfield>
  </datafield>
  <datafield tag="035" ind1=" " ind2=" ">
    <subfield code="a">B-770230-241  </subfield>
  </datafield>
  <datafield tag="035" ind1=" " ind2=" ">
    <subfield code="a">EN-130728</subfield>
  </datafield>
  <datafield tag="037" ind1=" " ind2=" ">
    <subfield code="b">Sahitya Bhoomi </subfield>
  </datafield>
  <datafield tag="037" ind1=" " ind2=" ">
    <subfield code="b">DBAD</subfield>
  </datafield>
  <datafield tag="082" ind1=" " ind2=" ">
    <subfield code="2">1</subfield>
    <subfield code="a">881</subfield>
  </datafield>
  <datafield tag="100" ind1=" " ind2=" ">
    <subfield code="a">Biala, Rajinder</subfield>
    <subfield code="9">85759</subfield>
  </datafield>
  <datafield tag="245" ind1=" " ind2=" ">
    <subfield code="a">Shanta:</subfield>
    <subfield code="b">Sister of Lord Rama/</subfield>
    <subfield code="c">By Rajinder Biala</subfield>
  </datafield>
  <datafield tag="250" ind1=" " ind2=" ">
    <subfield code="a">1</subfield>
  </datafield>
  <datafield tag="260" ind1=" " ind2=" ">
    <subfield code="a">New Delhi</subfield>
    <subfield code="b">Sahitya Bhoomi</subfield>
    <subfield code="c">2025</subfield>
  </datafield>
  <datafield tag="270" ind1=" " ind2=" ">
    <subfield code="a">J-75-76, Street No. 7, Ramapark Road, Mohan garden</subfield>
    <subfield code="b">New Delhi</subfield>
    <subfield code="e">110059</subfield>
    <subfield code="k">+91-8383863238</subfield>
    <subfield code="m">literaturelandindia@gmail.com</subfield>
  </datafield>
  <datafield tag="300" ind1=" " ind2=" ">
    <subfield code="a">112p.</subfield>
    <subfield code="c">22cm(hb)</subfield>
  </datafield>
  <datafield tag="942" ind1=" " ind2=" ">
    <subfield code="2">ddc</subfield>
    <subfield code="c">EN</subfield>
    <subfield code="h">881</subfield>
    <subfield code="m">BIA</subfield>
  </datafield>
  <datafield tag="999" ind1=" " ind2=" ">
    <subfield code="c">209488</subfield>
    <subfield code="d">209488</subfield>
  </datafield>
  <datafield tag="952" ind1=" " ind2=" ">
    <subfield code="0">0</subfield>
    <subfield code="1">0</subfield>
    <subfield code="4">0</subfield>
    <subfield code="7">0</subfield>
    <subfield code="8">NFIC</subfield>
    <subfield code="a">L</subfield>
    <subfield code="b">L</subfield>
    <subfield code="d">2025-09-03</subfield>
    <subfield code="e">Sahitya Bhoomi /SB-055/2024/20.3.25/73/15.3.25/26.3.25</subfield>
    <subfield code="g">455.00</subfield>
    <subfield code="l">0</subfield>
    <subfield code="o">881 BIA</subfield>
    <subfield code="p">B-770230</subfield>
    <subfield code="r">2025-09-03 00:00:00</subfield>
    <subfield code="t">1</subfield>
    <subfield code="v">455.00</subfield>
    <subfield code="w">2025-09-03</subfield>
    <subfield code="y">EN</subfield>
  </datafield>
  <datafield tag="952" ind1=" " ind2=" ">
    <subfield code="0">0</subfield>
    <subfield code="1">0</subfield>
    <subfield code="4">0</subfield>
    <subfield code="7">0</subfield>
    <subfield code="8">NFIC</subfield>
    <subfield code="a">BL1</subfield>
    <subfield code="b">BL1</subfield>
    <subfield code="d">2025-09-03</subfield>
    <subfield code="e">Sahitya Bhoomi /SB-055/2024/20.3.25/73/15.3.25/26.3.25</subfield>
    <subfield code="g">455.00</subfield>
    <subfield code="l">0</subfield>
    <subfield code="o">881 BIA</subfield>
    <subfield code="p">B-770231</subfield>
    <subfield code="r">2025-09-03 00:00:00</subfield>
    <subfield code="t">1</subfield>
    <subfield code="v">455.00</subfield>
    <subfield code="w">2025-09-03</subfield>
    <subfield code="y">EN</subfield>
  </datafield>
  <datafield tag="952" ind1=" " ind2=" ">
    <subfield code="0">0</subfield>
    <subfield code="1">0</subfield>
    <subfield code="4">0</subfield>
    <subfield code="7">0</subfield>
    <subfield code="8">NFIC</subfield>
    <subfield code="a">KGM</subfield>
    <subfield code="b">KGM</subfield>
    <subfield code="d">2025-09-03</subfield>
    <subfield code="e">Sahitya Bhoomi /SB-055/2024/20.3.25/73/15.3.25/26.3.25</subfield>
    <subfield code="g">455.00</subfield>
    <subfield code="l">0</subfield>
    <subfield code="o">881 BIA</subfield>
    <subfield code="p">B-770232</subfield>
    <subfield code="r">2025-09-03 00:00:00</subfield>
    <subfield code="t">1</subfield>
    <subfield code="v">455.00</subfield>
    <subfield code="w">2025-09-03</subfield>
    <subfield code="y">EN</subfield>
  </datafield>
  <datafield tag="952" ind1=" " ind2=" ">
    <subfield code="0">0</subfield>
    <subfield code="1">0</subfield>
    <subfield code="4">0</subfield>
    <subfield code="7">0</subfield>
    <subfield code="8">NFIC</subfield>
    <subfield code="a">PR</subfield>
    <subfield code="b">PR</subfield>
    <subfield code="d">2025-09-03</subfield>
    <subfield code="e">Sahitya Bhoomi /SB-055/2024/20.3.25/73/15.3.25/26.3.25</subfield>
    <subfield code="g">455.00</subfield>
    <subfield code="l">0</subfield>
    <subfield code="o">881 BIA</subfield>
    <subfield code="p">B-770233</subfield>
    <subfield code="r">2025-09-03 00:00:00</subfield>
    <subfield code="t">1</subfield>
    <subfield code="v">455.00</subfield>
    <subfield code="w">2025-09-03</subfield>
    <subfield code="y">EN</subfield>
  </datafield>
  <datafield tag="952" ind1=" " ind2=" ">
    <subfield code="0">0</subfield>
    <subfield code="1">0</subfield>
    <subfield code="4">0</subfield>
    <subfield code="7">0</subfield>
    <subfield code="8">NFIC</subfield>
    <subfield code="a">DIZ</subfield>
    <subfield code="b">DIZ</subfield>
    <subfield code="d">2025-09-03</subfield>
    <subfield code="e">Sahitya Bhoomi /SB-055/2024/20.3.25/73/15.3.25/26.3.25</subfield>
    <subfield code="g">455.00</subfield>
    <subfield code="l">0</subfield>
    <subfield code="o">881 BIA</subfield>
    <subfield code="p">B-770234</subfield>
    <subfield code="r">2025-09-03 00:00:00</subfield>
    <subfield code="t">1</subfield>
    <subfield code="v">455.00</subfield>
    <subfield code="w">2025-09-03</subfield>
    <subfield code="y">EN</subfield>
  </datafield>
  <datafield tag="952" ind1=" " ind2=" ">
    <subfield code="0">0</subfield>
    <subfield code="1">0</subfield>
    <subfield code="4">0</subfield>
    <subfield code="7">0</subfield>
    <subfield code="8">NFIC</subfield>
    <subfield code="a">JP</subfield>
    <subfield code="b">JP</subfield>
    <subfield code="d">2025-09-03</subfield>
    <subfield code="e">Sahitya Bhoomi /SB-055/2024/20.3.25/73/15.3.25/26.3.25</subfield>
    <subfield code="g">455.00</subfield>
    <subfield code="l">0</subfield>
    <subfield code="o">881 BIA</subfield>
    <subfield code="p">B-770235</subfield>
    <subfield code="r">2025-09-03 00:00:00</subfield>
    <subfield code="t">1</subfield>
    <subfield code="v">455.00</subfield>
    <subfield code="w">2025-09-03</subfield>
    <subfield code="y">EN</subfield>
  </datafield>
  <datafield tag="952" ind1=" " ind2=" ">
    <subfield code="0">0</subfield>
    <subfield code="1">0</subfield>
    <subfield code="4">0</subfield>
    <subfield code="7">0</subfield>
    <subfield code="8">NFIC</subfield>
    <subfield code="a">ZLS</subfield>
    <subfield code="b">ZLS</subfield>
    <subfield code="d">2025-09-03</subfield>
    <subfield code="e">Sahitya Bhoomi /SB-055/2024/20.3.25/73/15.3.25/26.3.25</subfield>
    <subfield code="g">455.00</subfield>
    <subfield code="l">0</subfield>
    <subfield code="o">881 BIA</subfield>
    <subfield code="p">B-770236</subfield>
    <subfield code="r">2025-09-03 00:00:00</subfield>
    <subfield code="t">1</subfield>
    <subfield code="v">455.00</subfield>
    <subfield code="w">2025-09-03</subfield>
    <subfield code="y">EN</subfield>
  </datafield>
  <datafield tag="952" ind1=" " ind2=" ">
    <subfield code="0">0</subfield>
    <subfield code="1">0</subfield>
    <subfield code="4">0</subfield>
    <subfield code="7">0</subfield>
    <subfield code="8">NFIC</subfield>
    <subfield code="a">VP</subfield>
    <subfield code="b">VP</subfield>
    <subfield code="d">2025-09-03</subfield>
    <subfield code="e">Sahitya Bhoomi /SB-055/2024/20.3.25/73/15.3.25/26.3.25</subfield>
    <subfield code="g">455.00</subfield>
    <subfield code="l">0</subfield>
    <subfield code="o">881 BIA</subfield>
    <subfield code="p">B-770237</subfield>
    <subfield code="r">2025-09-03 00:00:00</subfield>
    <subfield code="t">1</subfield>
    <subfield code="v">455.00</subfield>
    <subfield code="w">2025-09-03</subfield>
    <subfield code="y">EN</subfield>
  </datafield>
  <datafield tag="952" ind1=" " ind2=" ">
    <subfield code="0">0</subfield>
    <subfield code="1">0</subfield>
    <subfield code="4">0</subfield>
    <subfield code="7">0</subfield>
    <subfield code="8">NFIC</subfield>
    <subfield code="a">NR</subfield>
    <subfield code="b">NR</subfield>
    <subfield code="d">2025-09-03</subfield>
    <subfield code="e">Sahitya Bhoomi /SB-055/2024/20.3.25/73/15.3.25/26.3.25</subfield>
    <subfield code="g">455.00</subfield>
    <subfield code="l">0</subfield>
    <subfield code="o">881 BIA</subfield>
    <subfield code="p">B-770238</subfield>
    <subfield code="r">2025-09-03 00:00:00</subfield>
    <subfield code="t">1</subfield>
    <subfield code="v">455.00</subfield>
    <subfield code="w">2025-09-03</subfield>
    <subfield code="y">EN</subfield>
  </datafield>
  <datafield tag="952" ind1=" " ind2=" ">
    <subfield code="0">0</subfield>
    <subfield code="1">0</subfield>
    <subfield code="4">0</subfield>
    <subfield code="7">0</subfield>
    <subfield code="8">NFIC</subfield>
    <subfield code="a">BN</subfield>
    <subfield code="b">BN</subfield>
    <subfield code="d">2025-09-03</subfield>
    <subfield code="e">Sahitya Bhoomi /SB-055/2024/20.3.25/73/15.3.25/26.3.25</subfield>
    <subfield code="g">455.00</subfield>
    <subfield code="l">0</subfield>
    <subfield code="o">881 BIA</subfield>
    <subfield code="p">B-770239</subfield>
    <subfield code="r">2025-09-03 00:00:00</subfield>
    <subfield code="t">1</subfield>
    <subfield code="v">455.00</subfield>
    <subfield code="w">2025-09-03</subfield>
    <subfield code="y">EN</subfield>
  </datafield>
  <datafield tag="952" ind1=" " ind2=" ">
    <subfield code="0">0</subfield>
    <subfield code="1">0</subfield>
    <subfield code="4">0</subfield>
    <subfield code="7">0</subfield>
    <subfield code="8">NFIC</subfield>
    <subfield code="a">MP</subfield>
    <subfield code="b">MP</subfield>
    <subfield code="d">2025-09-03</subfield>
    <subfield code="e">Sahitya Bhoomi /SB-055/2024/20.3.25/73/15.3.25/26.3.25</subfield>
    <subfield code="g">455.00</subfield>
    <subfield code="l">0</subfield>
    <subfield code="o">881 BIA</subfield>
    <subfield code="p">B-770240</subfield>
    <subfield code="r">2025-09-03 00:00:00</subfield>
    <subfield code="t">1</subfield>
    <subfield code="v">455.00</subfield>
    <subfield code="w">2025-09-03</subfield>
    <subfield code="y">EN</subfield>
  </datafield>
  <datafield tag="952" ind1=" " ind2=" ">
    <subfield code="0">0</subfield>
    <subfield code="1">0</subfield>
    <subfield code="4">0</subfield>
    <subfield code="7">0</subfield>
    <subfield code="8">NFIC</subfield>
    <subfield code="a">BL4</subfield>
    <subfield code="b">BL4</subfield>
    <subfield code="d">2025-09-03</subfield>
    <subfield code="e">Sahitya Bhoomi /SB-055/2024/20.3.25/73/15.3.25/26.3.25</subfield>
    <subfield code="g">455.00</subfield>
    <subfield code="l">0</subfield>
    <subfield code="o">881 BIA</subfield>
    <subfield code="p">B-770241</subfield>
    <subfield code="r">2025-09-03 00:00:00</subfield>
    <subfield code="t">1</subfield>
    <subfield code="v">455.00</subfield>
    <subfield code="w">2025-09-03</subfield>
    <subfield code="y">EN</subfield>
  </datafield>
  <datafield tag="952" ind1=" " ind2=" ">
    <subfield code="0">0</subfield>
    <subfield code="1">0</subfield>
    <subfield code="4">0</subfield>
    <subfield code="7">0</subfield>
    <subfield code="8">NFIC</subfield>
    <subfield code="a">ZLS</subfield>
    <subfield code="b">ZLS</subfield>
    <subfield code="d">2025-11-26</subfield>
    <subfield code="e">Delivery of Books Act Division</subfield>
    <subfield code="g">455.00</subfield>
    <subfield code="l">0</subfield>
    <subfield code="o">881 BIA</subfield>
    <subfield code="p">EN-130728</subfield>
    <subfield code="r">2025-11-26 00:00:00</subfield>
    <subfield code="t">1</subfield>
    <subfield code="v">455.00</subfield>
    <subfield code="w">2025-11-26</subfield>
    <subfield code="y">EN</subfield>
  </datafield>
</record>
